Villes du Championnat d'Europe de football 2008 - Statistiques

Statistiques générales
  • Ce quiz a été pris 20 fois
  • Le résultat moyen est 6 sur 8
Statistiques - réponses
Par images Réponse % Correct
Genève
100%
Zurich
100%
Berne
95%
Vienne
95%
Bâle
84%
Salzbourg
74%
Innsbruck
63%
Klagenfurt
26%
Aucun quiz correspondant
Distribution des résultats
% des personnes avec chaque résultat
Percentile par nombre de réponses
Votre historique - résultats
Vous n’avez pas pris ce quiz